| 000 | nam a22 a 4500 | ||
|---|---|---|---|
| 999 |
_c708 _d708 |
||
| 003 | AKMAL | ||
| 005 | 20170504161552.0 | ||
| 008 | 170504s2010 my | e | 001 0 eng d | ||
| 020 |
_a9789833831227 (pbk.) : _cRM29.90 |
||
| 020 | _a9833831222 (pbk.) | ||
| 039 | 9 |
_a201110211512 _bnurdiana _c201110151336 _dmanoriah _c201102161119 _dsuzilawati _c201012091438 _danis_omar |
|
| 040 | _aAKMAL | ||
| 082 | 0 | 4 |
_a155.92 HAR _222 |
| 090 | 0 | 0 |
_a155.92 _bHAR |
| 100 | 1 |
_aHartley, Gregory _91509 |
|
| 245 | 1 | 0 |
_aHow to spot a liar : _bwhy people don't tell the truth-- and how you can catch them / _cby Gregory Hartley and Maryann Karinch |
| 260 |
_aPetaling Jaya : _bAdvantage Quest Publications, _c2010 |
||
| 300 |
_a263p. ; _c21cm. |
||
| 500 | _aIncludes index | ||
| 650 | 1 | 0 |
_aTruthfulness and falsehood _xPsychological aspects _91510 |
| 650 | 2 | 0 |
_aDeception _xPsychological aspects _91511 |
| 700 | 1 |
_aKarinch, Maryann _91233 |
|
| 942 |
_2ddc _cBOOK |
||